| 000 | 00827nam a22002897a 4500 | ||
|---|---|---|---|
| 001 | 0026297 | ||
| 003 | KOHA_MİRAKIL | ||
| 005 | 20260207002523.0 | ||
| 007 | ta | ||
| 008 | 101213b2007 tu |||gr||||#||||0|tur | | ||
| 020 | _a9789756325681 | ||
| 040 |
_aTR-BiSEU _btur _cTR-BiSEU _erda |
||
| 041 | 0 | _atur | |
| 044 | _ctu | ||
| 050 |
_aHF5415 _b.E84 2007 |
||
| 100 | 1 | _aEser, Zeliha. | |
| 245 | 1 |
_aHizmetlerde pazarlama iletişimi/ _cZeliha Eser ; Zeliha Eser. |
|
| 264 | 1 |
_aAnkara : _bSiyasal Kitabevi _c2007 |
|
| 300 | _axx,218 sayfa; 24 cm. | ||
| 336 |
_ametin _btxt _2rdacontent |
||
| 337 |
_aaracısız _bn _2rdamedia |
||
| 338 |
_acilt _bnc _2rdacarrier |
||
| 500 | _aKaynakça var. | ||
| 650 | 0 |
_aService industries--Marketing. _919540 |
|
| 650 | 0 |
_aHizmet endüstrisi--Pazarlama. _919541 |
|
| 942 |
_2lcc _cBK |
||
| 999 |
_c26242 _d26242 |
||